000 00738nam a2200217 i 4500
001 124645
003 ES-MaACL
007 t|
008 070413s1955 sp ||||1| spa d
080 _a338(100)(02)
100 0 _aSchmidt, Walter
_9104495
245 1 0 _aGeografía económica /
_cWalther Schmidt ; quinta edición traducida y completada por José María Más Esteve.
260 _aBarcelona :
_bLabor,
_c[1955]
300 _a433 p., VII p. de lám. :
_bil. ;
_c17 cm.
490 1 _aColección Labor ;
_v470, 472
650 1 7 _aGeografía económica
_2embne
_913077
700 1 _aMas Esteve, José María.
_978631
830 0 0 _aColección Labor
_v470, 472
_9184254
852 _aES-MaACL
_jE-2903
999 _c124645
_d124645